Discursos pronunciados en el Congreso por el Excmo. Sr. Don Antonio Cánovas del Castillo en los días 30 de noviembre, 1º y 15 de diciembre de 1886 [sobre cuestiones planteadas a la muerte de D. Alfonso XII] / (Record no. 39654)

MARC details
000 -LEADER
campo de control de longitud fija 01142nam a2200229 i 4500
001 - NÚMERO DE CONTROL
campo de control 39654
003 - IDENTIFICADOR DE NÚMERO DE CONTROL
campo de control ES-MaACL
005 - FECHA Y HORA DE LA ÚLTIMA TRANSACCIÓN
campo de control 20231221150401.0
007 - CAMPO FIJO DE DESCRIPCIÓN FÍSICA--INFORMACIÓN GENERAL
campo de control de longitud fija t|
008 - DATOS DE LONGITUD FIJA--INFORMACIÓN GENERAL
campo de control de longitud fija 030303s1886 sp ||||1| spa d
100 1# - ENTRADA PRINCIPAL--NOMBRE DE PERSONA
Nombre de persona Cánovas del Castillo, Antonio,
Fechas asociadas al nombre 1828-1897
9 (RLIN) 34600
245 10 - MENCIÓN DEL TÍTULO
Título Discursos pronunciados en el Congreso por el Excmo. Sr. Don Antonio Cánovas del Castillo en los días 30 de noviembre, 1º y 15 de diciembre de 1886 [sobre cuestiones planteadas a la muerte de D. Alfonso XII] /
Mención de responsabilidad, etc. Antonio Cánovas de Castillo.
260 ## - PUBLICACIÓN, DISTRIBUCIÓN, ETC.
Lugar de publicación, distribución, etc. Madrid :
Nombre del editor, distribuidor, etc. [s.n.],
Fecha de publicación, distribución, etc. 1886 (
Fabricante Imp. de la Librería de Miguel Guijarro)
300 ## - DESCRIPCIÓN FÍSICA
Extensión 78 p. ;
Dimensiones 22 cm.
530 ## - NOTA DISPONIBLE DE FORMULARIO FÍSICO ADICIONAL
Nota de formato físico adicional disponible Disponible en formato digital.
651 #4 - PUNTO DE ACCESO ADICIONAL DE MATERIA--NOMBRE GEOGRÁFICO
Nombre geográfico España-
Subdivisión general Historia-
Subdivisión cronológica 1885-1902, Regencia de Maria Cristina de Habsburgo.
9 (RLIN) 8270
710 1# - ENTRADA AGREGADA--NOMBRE DE ENTIDAD CORPORATIVA
Nombre de entidad corporativa o nombre de jurisdicción como elemento de entrada España.
Unidad subordinada Cortes Generales.
-- Congreso.
9 (RLIN) 3671
852 ## - LOCALIZACIÓN
Ubicación ES-MaACL
Número de control de estantería T-471-F-9
856 ## - LOCALIZACIÓN Y ACCESO ELECTRÓNICOS
Identificador Uniforme de Recursos <a href="http://bdh-rd.bne.es/viewer.vm?id=0000110439&page=1 ">http://bdh-rd.bne.es/viewer.vm?id=0000110439&page=1 </a>
Nota pública Biblioteca Digital Hispánica
856 ## - LOCALIZACIÓN Y ACCESO ELECTRÓNICOS
Identificador Uniforme de Recursos <a href="http://www.bibliotecavirtualdeandalucia.es/catalogo/es/consulta/registro.do?id=8285">http://www.bibliotecavirtualdeandalucia.es/catalogo/es/consulta/registro.do?id=8285</a>
Nota pública Biblioteca Virtual de Andalucía
Holdings
Estatus retirado Estado de pérdida Estado de daño No para préstamo Colección Biblioteca de origen Biblioteca actual Ubicación en estantería Fecha de adquisición Fuente de adquisición Total de préstamos Signatura topográfica completa Código de barras Visto por última vez Precio de reemplazo Tipo de ítem Koha
        Colección de folletos Biblioteca del Ateneo de Madrid Biblioteca del Ateneo de Madrid Depósito folletos 17/01/2008     T-471-F-9 1041762 23/02/2023 23/02/2023 Folleto